Estadísticas para Banderas con más rojo

Haz click aquí para tomar la prueba!

Estadísticas generales

  • Esta prueba ha sido tomada 805 veces
  • La puntuación promedio es 12 de 15

Estadísticas de respuestas

Respuesta% Correcto
China
100%
Suiza
98%
Turquía
97%
Albania
95%
Vietnam
93%
Dinamarca
91%
Marruecos
90%
Túnez
85%
Letonia
85%
Montenegro
82%
Taiwán
79%
Kirguistán
68%
Tonga
68%
Samoa
64%
Timor Oriental
55%

Distribución de puntuación

Porcentaje por número respondido

Porcentaje de gente con cada puntuación

Historial de tus puntuaciones

No has tomado esta prueba